Информатика: учебное пособие для вузов

Bibliografische gegevens
Hoofdauteur: Давыдов И. С. Иван Степанович
Samenvatting:В книге в компактной форме представлены основные положения информатики: арифметические и логические основы работы ЭВМ, алгебра логики, понятия о системах счисления, программное и аппаратное обеспечение персональных компьютеров (операционные системы MS DOS, Windows), организация процессорных устройств обработки информации, алгоритмизация и технология программирования. Для обработки экономической информации в большинстве случаев используются программные продукты MS Office. В книге изложены вопросы решения задач оформления экономической документации средствами текстового процессора MS Word. На многочисленных примерах детально рассмотрены методы использования системы управления базами данных MS Access, а также актуальные вопросы организации таблиц, анализа и оптимизации данных, аппроксимации зависимостей с помощью MS Excel при решении экономических задач. Дано представление о локальных и глобальных сетях, методах защиты информации. По своему содержанию учебное пособие полностью соответствует требованиям государственных образовательных стандартов для специалистов по учебной дисциплине «Информатика» для сельскохозяйственных ВУЗов экономических специальностей.Для студентов высших учебных заведений, обучающихся по специальностям: «Финансы и кредит», «Бухгалтерский учет, анализ и аудит», «Маркетинг», «Экономика и управление на предприятии (сельское хозяйство)», «Государственное и муниципальное управление», «Менеджмент организации», а также студентов, изучающих естественные науки.
Taal:Russisch
Gepubliceerd in: СПб., Проспект Науки, 2009
Onderwerpen:
Formaat: MixedMaterials Boek
KOHA link:https://koha.lib.tpu.ru/cgi-bin/koha/opac-detail.pl?biblionumber=152601

MARC

LEADER 00000nam0a2200000 4500
001 152601
005 20231031151103.0
010 |a 9785903090198 
035 |a (RuTPU)RU\TPU\book\165457 
090 |a 152601 
100 |a 20090203d2009 m y0rusy50 ca 
101 0 |a rus 
102 |a RU 
105 |a a j 001zy 
200 1 |a Информатика  |e учебное пособие для вузов  |f И. С. Давыдов 
210 |a СПб.  |c Проспект Науки  |d 2009 
215 |a 480 с.  |c ил. 
320 |a Библиогр.: с. 473-474. 
330 |a В книге в компактной форме представлены основные положения информатики: арифметические и логические основы работы ЭВМ, алгебра логики, понятия о системах счисления, программное и аппаратное обеспечение персональных компьютеров (операционные системы MS DOS, Windows), организация процессорных устройств обработки информации, алгоритмизация и технология программирования. Для обработки экономической информации в большинстве случаев используются программные продукты MS Office. В книге изложены вопросы решения задач оформления экономической документации средствами текстового процессора MS Word. На многочисленных примерах детально рассмотрены методы использования системы управления базами данных MS Access, а также актуальные вопросы организации таблиц, анализа и оптимизации данных, аппроксимации зависимостей с помощью MS Excel при решении экономических задач. Дано представление о локальных и глобальных сетях, методах защиты информации. По своему содержанию учебное пособие полностью соответствует требованиям государственных образовательных стандартов для специалистов по учебной дисциплине «Информатика» для сельскохозяйственных ВУЗов экономических специальностей.Для студентов высших учебных заведений, обучающихся по специальностям: «Финансы и кредит», «Бухгалтерский учет, анализ и аудит», «Маркетинг», «Экономика и управление на предприятии (сельское хозяйство)», «Государственное и муниципальное управление», «Менеджмент организации», а также студентов, изучающих естественные науки. 
606 1 |a Информатика  |2 stltpush  |3 (RuTPU)RU\TPU\subj\36202 
610 1 |a информация 
610 1 |a обработка 
610 1 |a операционные системы 
610 1 |a Windows 
610 1 |a Windows XP 
610 1 |a процессоры 
610 1 |a структура 
610 1 |a ЭВМ 
610 1 |a электронные вычислительные машины 
610 1 |a арифметические основы 
610 1 |a логические основы 
610 1 |a алгоритмы 
610 1 |a алгоритмические языки 
610 1 |a программирование 
610 1 |a текстовые процессоры 
610 1 |a информационные системы 
610 1 |a базы данных 
610 1 |a СУБД 
610 1 |a системы управления базами данных 
610 1 |a Microsoft Access 
610 1 |a табличные процессоры 
610 1 |a Microsoft Excel 
610 1 |a вычислительные сети 
610 1 |a глобальные компьютерные сети 
610 1 |a информационная безопасность 
610 1 |a криптографическая защита 
610 1 |a криптография 
610 1 |a компьютерные вирусы 
610 1 |a антивирусная защита 
610 1 |a учебные пособия 
675 |a 681.3.01(075.8)  |v 3 
700 1 |a Давыдов  |b И. С.  |g Иван Степанович 
801 1 |a RU  |b 63413507  |c 20090203  |g PSBO 
801 2 |a RU  |b 63413507  |c 20150905  |g PSBO 
900 |a Информатика 
900 |a Организация ЭВМ и систем 
942 |c BK 
953 |b 080100  |b 080500 
959 |a 18/20090203  |d 2  |e 600,00  |f АНЛ:1  |f ЧЗТЛ:1 
959 |a 46/20090408  |d 5  |e 660,00  |f УФ:5